00226nam a2200085Ia 4500008004100000100001900041245002900060260004200089260000900131170620s9999 xx 000 0 und d aEdiger- Marlow 0aLanguage Arts Curriculum bNew Delhi- Discovery Publishing House c2007